[Event "National Elementary Championship"]
[Site "Columbus, Ohio, United States"]
[Date "2022.05.14"]
[Round "3.5"]
[White "Murugan, Ayyappan"]
[Black "Shetty, Anshul"]
[Result "0-1"]
[TimeControl "G/90;d5"]
[WhiteElo "1691"]
[BlackElo "2035"]

1. d4 {[%clk 01:30:00]} Nf6 {[%clk 01:30:00]} 2. Bf4 {[%clk 01:30:00]} c5
{[%clk 01:29:54]} 3. e3 {[%clk 01:29:53]} {[%emt 00:00:09]} Qb6 {[%clk
01:29:47]} {[%emt 00:00:10]} 4. b3 {[%clk 01:26:44]} {[%emt 00:03:32]} g6
{[%clk 01:26:26]} {[%emt 00:03:05]} 5. Nf3 {[%clk 01:23:18]} {[%emt 00:03:30]}
Bg7 {[%clk 01:24:57]} {[%emt 00:01:34]} 6. c3 {[%clk 01:20:03]} {[%emt
00:03:30]} O-O {[%clk 01:23:03]} {[%emt 00:01:49]} 7. Ne5 {[%clk 01:18:02]}
{[%emt 00:02:07]} d5 {[%clk 01:19:08]} {[%emt 00:03:59]} 8. Nd3 {[%clk
01:15:49]} {[%emt 00:02:17]} Nfd7 {[%clk 01:13:21]} {[%emt 00:05:54]} 9. Nd2
{[%clk 01:09:22]} {[%emt 00:06:51]} Nc6 {[%clk 01:10:56]} {[%emt 00:02:12]} 10.
Qf3 {[%clk 01:07:13]} {[%emt 00:02:13]} e5 {[%clk 01:06:53]} {[%emt 00:04:07]}
11. dxe5 {[%clk 01:05:03]} {[%emt 00:02:25]} Ndxe5 {[%clk 01:06:39]} {[%emt
00:00:09]} 12. Nxe5 {[%clk 01:03:15]} {[%emt 00:02:26]} Nxe5 {[%clk 01:06:32]}
13. Bxe5 {[%clk 01:00:07]} {[%emt 00:02:52]} Bxe5 {[%clk 01:06:27]} {[%emt
00:00:38]} 14. Rc1 {[%clk 00:59:53]} {[%emt 00:00:08]} Be6 {[%clk 01:05:21]}
{[%emt 00:00:53]} 15. Bd3 {[%clk 00:56:28]} {[%emt 00:03:28]} Qa5 {[%clk
01:03:15]} {[%emt 00:02:14]} 16. c4 {[%clk 00:52:44]} {[%emt 00:03:52]} dxc4
{[%clk 01:02:16]} {[%emt 00:01:00]} 17. Bxc4 {[%clk 00:52:38]} {[%emt
00:00:17]} Bxc4 {[%clk 01:01:58]} {[%emt 00:00:26]} 18. Rxc4 {[%clk 00:50:41]}
{[%emt 00:01:55]} Rad8 {[%clk 01:01:34]} {[%emt 00:00:44]} 19. Rc2 {[%clk
00:49:27]} {[%emt 00:01:01]} Bc3 {[%clk 01:01:16]} {[%emt 00:00:23]} 20. Qd1
{[%clk 00:48:54]} {[%emt 00:00:37]} Rxd2 {[%clk 01:01:06]} {[%emt 00:00:37]} 21.
Rxd2 {[%clk 00:48:20]} {[%emt 00:00:18]} Rd8 {[%clk 01:00:59]} {[%emt
00:00:15]} 22. O-O {[%clk 00:47:29]} {[%emt 00:00:58]} Rxd2 {[%clk 01:00:55]}
{[%emt 00:00:07]} 23. Qg4 {[%clk 00:47:08]} {[%emt 00:00:19]} Kg7 {[%clk
01:00:29]} {[%emt 00:00:41]} 24. Qf3 {[%clk 00:46:27]} {[%emt 00:01:05]} b6
{[%clk 01:00:24]} {[%emt 00:00:03]} 25. a4 {[%clk 00:45:55]} {[%emt 00:00:20]}
Rb2 {[%clk 01:00:14]} {[%emt 00:00:37]} 26. Rc1 {[%clk 00:44:48]} {[%emt
00:00:49]} Rxb3 {[%clk 00:59:58]} {[%emt 00:00:24]} 27. Qd5 {[%clk 00:44:29]}
{[%emt 00:00:20]} Qb4 {[%clk 00:59:52]} {[%emt 00:00:13]} 28. h3 {[%clk
00:44:01]} {[%emt 00:00:39]} Rb1 {[%clk 00:59:43]} {[%emt 00:00:09]} 29. Qd1
{[%clk 00:43:39]} {[%emt 00:00:24]} Rxc1 {[%clk 00:59:28]} {[%emt 00:00:22]} 30.
Qxc1 {[%clk 00:43:38]} {[%emt 00:00:30]} Qb2 {[%clk 00:59:27]} {[%emt
00:00:03]} 31. Qd1 {[%clk 00:43:13]} {[%emt 00:00:10]} Qd2 {[%clk 00:59:24]}
{[%emt 00:00:09]} 32. Qf3 {[%clk 00:43:07]} {[%emt 00:00:11]} Bf6 {[%clk
00:59:05]} {[%emt 00:00:21]} 33. Qf4 {[%clk 00:42:41]} {[%emt 00:00:32]} Qc3
{[%clk 00:58:44]} {[%emt 00:00:36]} 34. g3 {[%clk 00:42:31]} {[%emt 00:00:05]}
c4 {[%clk 00:58:44]} {[%emt 00:00:14]} 35. Kf1 {[%clk 00:42:19]} {[%emt
00:00:11]} Qc1+ {[%clk 00:58:41]} {[%emt 00:00:11]} 36. Kg2 {[%clk 00:41:59]}
{[%emt 00:00:19]} c3 {[%clk 00:58:41]} {[%emt 00:00:12]} 37. g4 {[%clk
00:41:31]} {[%emt 00:00:26]} c2 {[%clk 00:58:36]} {[%emt 00:00:23]} 38. Qc4
{[%clk 00:41:31]} {[%emt 00:00:08]} Qd1 {[%clk 00:58:31]} 39. Kg3 {[%clk
00:41:05]} {[%emt 00:00:28]} c1=Q {[%clk 00:58:26]} {[%emt 00:00:11]} 40. Qxc1
{[%clk 00:41:05]} {[%emt 00:00:03]} Qxc1 {[%clk 00:58:20]} {[%emt 00:00:07]} 41.
h4 {[%clk 00:41:05]} {[%emt 00:00:09]} Qc6 {[%clk 00:58:07]} {[%emt 00:00:13]}
42. g5 {[%clk 00:41:03]} {[%emt 00:00:34]} Be5+ {[%clk 00:58:05]} 43. f4 {[%clk
00:41:03]} Bd6 {[%clk 00:58:00]} {[%emt 00:00:24]} 44. a5 {[%clk 00:40:33]}
{[%emt 00:00:07]} bxa5 {[%clk 00:58:00]} {[%emt 00:00:07]} 45. Kh3 {[%clk
00:40:29]} {[%emt 00:00:08]} a4 {[%clk 00:57:57]} {[%emt 00:00:09]} 46. Kg3
{[%clk 00:40:26]} {[%emt 00:00:07]} a3 {[%clk 00:57:57]} {[%emt 00:00:04]} 47.
Kg4 {[%clk 00:40:25]} {[%emt 00:00:10]} Qg2# {[%clk 00:57:53]} {[%emt
00:00:08]} 0-1

[Event "National Elementary Championship"]
[Site "Columbus, Ohio, United States"]
[Date "2022.05.14"]
[Round "3.6"]
[White "Ziegler, Nate"]
[Black "Kaur, Jind"]
[Result "1-0"]
[TimeControl "G/90;d5"]
[WhiteElo "1985"]
[BlackElo "1531"]

1. c4 {[%clk 01:30:00]} {[%emt 00:00:24]} Nf6 {[%clk 01:30:00]} 2. Nc3 {[%clk
01:30:00]} g6 {[%clk 01:30:00]} 3. e4 {[%clk 01:29:57]} {[%emt 00:00:12]} d6
{[%clk 01:30:00]} 4. d4 {[%clk 01:29:54]} Bg7 {[%clk 01:30:00]} 5. Nf3 {[%clk
01:29:54]} {[%emt 00:00:13]} O-O {[%clk 01:30:00]} 6. h3 {[%clk 01:29:39]}
{[%emt 00:00:18]} e5 {[%clk 01:28:40]} {[%emt 00:01:23]} 7. d5 {[%clk
01:28:49]} {[%emt 00:01:11]} Ne8 {[%clk 01:27:08]} {[%emt 00:01:30]} 8. g4
{[%clk 01:27:56]} {[%emt 00:01:12]} Qe7 {[%clk 01:16:15]} {[%emt 00:10:34]} 9.
Rg1 {[%clk 01:26:03]} {[%emt 00:01:58]} f6 {[%clk 01:12:46]} {[%emt 00:03:34]}
10. h4 {[%clk 01:24:10]} {[%emt 00:02:28]} Qf7 {[%clk 01:07:14]} {[%emt
00:05:26]} 11. Be2 {[%clk 01:22:37]} {[%emt 00:01:18]} Nd7 {[%clk 01:00:41]}
{[%emt 00:06:38]} 12. Be3 {[%clk 01:20:50]} {[%emt 00:01:51]} Nb6 {[%clk
00:57:02]} {[%emt 00:04:11]} 13. a4 {[%clk 01:17:57]} {[%emt 00:02:38]} Bd7
{[%clk 00:51:41]} {[%emt 00:05:19]} 14. a5 {[%clk 01:16:14]} {[%emt 00:01:48]}
Nc8 {[%clk 00:50:00]} {[%emt 00:01:46]} 15. Qb3 {[%clk 01:15:44]} {[%emt
00:00:42]} Rb8 {[%clk 00:49:11]} {[%emt 00:01:23]} 16. Rc1 {[%clk 00:55:46]}
{[%emt 00:19:28]} a6 {[%clk 00:46:03]} {[%emt 00:03:12]} 17. c5 {[%clk
00:50:26]} {[%emt 00:05:25]} Kh8 {[%clk 00:35:15]} {[%emt 00:10:53]} 18. Bxa6
{[%clk 00:46:44]} {[%emt 00:04:26]} dxc5 {[%clk 00:28:57]} {[%emt 00:06:12]} 19.
Bxc5 {[%clk 00:44:19]} {[%emt 00:02:01]} Ncd6 {[%clk 00:28:28]} {[%emt
00:00:39]} 20. Be2 {[%clk 00:43:03]} {[%emt 00:01:18]} Ra8 {[%clk 00:23:05]}
{[%emt 00:05:34]} 21. Qb4 {[%clk 00:40:44]} {[%emt 00:02:16]} Rg8 {[%clk
00:22:32]} {[%emt 00:00:39]} 22. Rc2 {[%clk 00:30:54]} {[%emt 00:09:55]} f5
{[%clk 00:13:26]} {[%emt 00:09:11]} 23. exf5 {[%clk 00:18:53]} {[%emt
00:12:05]} gxf5 {[%clk 00:13:24]} {[%emt 00:00:11]} 24. g5 {[%clk 00:17:15]}
{[%emt 00:01:39]} e4 {[%clk 00:11:19]} {[%emt 00:02:10]} 25. Nd4 {[%clk
00:16:49]} {[%emt 00:00:30]} Be5 {[%clk 00:08:37]} {[%emt 00:02:48]} 26. Nb3
{[%clk 00:15:55]} {[%emt 00:01:01]} Qg7 {[%clk 00:05:31]} {[%emt 00:03:09]} 27.
Kd1 {[%clk 00:11:02]} {[%emt 00:04:59]} Bf4 {[%clk 00:04:29]} {[%emt 00:01:41]}
28. Bd4 {[%clk 00:09:47]} {[%emt 00:00:46]} Be5 {[%clk 00:04:25]} {[%emt
00:00:15]} 29. Bc5 {[%clk 00:05:28]} {[%emt 00:04:17]} Bf4 {[%clk 00:04:25]}
{[%emt 00:00:32]} 30. Qd4 {[%clk 00:04:18]} {[%emt 00:00:46]} Be5 {[%clk
00:04:05]} {[%emt 00:00:27]} 31. Qd2 {[%clk 00:04:18]} {[%emt 00:00:03]} Qf7
{[%clk 00:03:48]} {[%emt 00:00:22]} 32. h5 {[%clk 00:04:02]} {[%emt 00:00:19]}
f4 {[%clk 00:02:55]} {[%emt 00:00:57]} 33. Bd4 {[%clk 00:01:39]} {[%emt
00:02:28]} Bxd4 {[%clk 00:02:16]} {[%emt 00:00:44]} 34. Qxd4+ {[%clk 00:01:39]}
{[%emt 00:00:05]} Qg7 {[%clk 00:02:09]} {[%emt 00:00:13]} 35. Qd2 {[%clk
00:01:39]} {[%emt 00:00:03]} f3 {[%clk 00:01:59]} {[%emt 00:00:16]} 36. Bf1
{[%clk 00:01:37]} {[%emt 00:00:08]} Qf7 {[%clk 00:01:46]} {[%emt 00:00:17]} 37.
h6 {[%clk 00:01:34]} {[%emt 00:00:39]} Rf8 {[%clk 00:01:16]} {[%emt 00:00:07]}
38. Qd4+ {[%clk 00:01:34]} {[%emt 00:00:06]} Kg8 {[%clk 00:01:16]} 39. Rd2
{[%clk 00:00:35]} {[%emt 00:00:59]} Bf5 {[%clk 00:01:11]} {[%emt 00:00:11]} 40.
Qe3 {[%clk 00:00:29]} {[%emt 00:00:11]} Bg6 {[%clk 00:01:10]} {[%emt 00:00:07]}
41. Bh3 {[%clk 00:00:29]} {[%emt 00:00:04]} Bf5 {[%clk 00:00:55]} {[%emt
00:00:17]} 42. Bxf5 {[%clk 00:00:28]} {[%emt 00:00:21]} Qxf5 {[%clk 00:00:55]}
43. Nd4 {[%clk 00:00:23]} {[%emt 00:00:13]} Qg6 {[%clk 00:00:54]} 44. Ne6
{[%clk 00:00:20]} Rf7 {[%clk 00:00:38]} {[%emt 00:00:18]} 45. Qc5 {[%clk
00:00:20]} {[%emt 00:00:21]} Kh8 {[%clk 00:00:26]} {[%emt 00:00:07]} 46. Qd4+
{[%clk 00:00:20]} Kg8 {[%clk 00:00:26]} 47. b4 {[%clk 00:00:16]} {[%emt
00:00:09]} Rc8 {[%clk 00:00:15]} {[%emt 00:00:11]} 48. Rg4 {[%clk 00:00:16]}
{[%emt 00:00:31]} Rb8 {[%clk 00:00:15]} 49. Nxe4 {[%clk 00:00:16]} {[%emt
00:00:06]} Nxe4 {[%clk 00:00:11]} 50. Qxe4 {[%clk 00:00:16]} Qxe4 {[%clk
00:00:11]} 51. Rxe4 {[%clk 00:00:16]} Nd6 {[%clk 00:00:11]} 52. Re3 {[%clk
00:00:16]} Re8 {[%clk 00:00:11]} {[%emt 00:00:04]} 53. Rdd3 {[%clk 00:00:13]}
{[%emt 00:00:06]} Ree7 {[%clk 00:00:11]} {[%emt 00:00:11]} 54. Rxf3 {[%clk
00:00:13]} Rxf3 {[%clk 00:00:11]} 55. Rxf3 {[%clk 00:00:13]} Rf7 {[%clk
00:00:11]} {[%emt 00:00:04]} 56. Rxf7 {[%clk 00:00:13]} Nxf7 {[%clk 00:00:11]}
57. Nxc7 {[%clk 00:00:13]} {[%emt 00:00:07]} Nxg5 {[%clk 00:00:11]} 58. Ne6
{[%clk 00:00:13]} Nf7 {[%clk 00:00:11]} {[%emt 00:00:16]} 59. b5 {[%clk
00:00:13]} Nxh6 {[%clk 00:00:11]} 60. a6 {[%clk 00:00:13]} Nf7 {[%clk
00:00:11]} 61. axb7 {[%clk 00:00:13]} Nd6 {[%clk 00:00:11]} 62. b8=Q+ {[%clk
00:00:13]} {[%emt 00:00:03]} Kf7 {[%clk 00:00:11]} 63. Qf8+ {[%clk 00:00:13]}
Kg6 {[%clk 00:00:11]} {[%emt 00:00:04]} 64. Qxd6 {[%clk 00:00:13]} {[%emt
00:00:04]} Kh5 {[%clk 00:00:11]} {[%emt 00:00:04]} 65. Qg3 {[%clk 00:00:13]}
Kh6 {[%clk 00:00:11]} {[%emt 00:00:03]} 66. Qg5# {[%clk 00:00:13]} 1-0

[Event "National Elementary Championship"]
[Site "Columbus, Ohio, United States"]
[Date "2022.05.14"]
[Round "3.7"]
[White "Meister, Xan"]
[Black "Golsefidy, Sepehr"]
[Result "0-1"]
[TimeControl "G/90;d5"]
[WhiteElo "1743"]
[BlackElo "2080"]

1. d4 {[%clk 01:30:00]} Nf6 {[%clk 01:30:00]} {[%emt 00:00:05]} 2. c4 {[%clk
01:29:54]} {[%emt 00:00:12]} c5 {[%clk 01:30:00]} {[%emt 00:00:02]} 3. d5
{[%clk 01:29:53]} {[%emt 00:00:06]} b5 {[%clk 01:30:00]} {[%emt 00:00:03]} 4.
cxb5 {[%clk 01:29:02]} {[%emt 00:00:56]} a6 {[%clk 01:30:00]} {[%emt 00:00:03]}
5. bxa6 {[%clk 01:26:58]} {[%emt 00:02:09]} g6 {[%clk 01:29:56]} {[%emt
00:00:09]} 6. Nf3 {[%clk 01:26:05]} {[%emt 00:00:58]} Bg7 {[%clk 01:22:13]}
{[%emt 00:07:48]} 7. e3 {[%clk 01:22:54]} {[%emt 00:03:16]} Bxa6 {[%clk
01:11:16]} {[%emt 00:11:02]} 8. Nc3 {[%clk 01:17:26]} {[%emt 00:05:33]} Bxf1
{[%clk 01:08:23]} {[%emt 00:02:58]} 9. Kxf1 {[%clk 01:16:24]} {[%emt 00:01:08]}
d6 {[%clk 01:07:39]} {[%emt 00:00:48]} 10. g3 {[%clk 01:15:23]} {[%emt
00:01:06]} Nbd7 {[%clk 01:03:40]} {[%emt 00:04:04]} 11. Kg2 {[%clk 01:14:27]}
{[%emt 00:00:59]} c4 {[%emt 00:22:51]} 12. Nd4 {[%clk 01:05:21]} Ne5 {[%clk
00:40:08]} {[%emt 00:10:04]} 13. b3 {[%clk 01:02:10]} {[%emt 00:03:16]} Qa5
{[%clk 00:36:40]} {[%emt 00:03:33]} 14. Ncb5 {[%clk 00:57:56]} {[%emt
00:04:20]} cxb3 {[%clk 00:21:19]} {[%emt 00:15:26]} 15. Bd2 {[%clk 00:56:01]}
{[%emt 00:02:00]} Qb6 {[%clk 00:20:54]} {[%emt 00:00:30]} 16. Qxb3 {[%clk
00:54:35]} {[%emt 00:01:29]} O-O {[%clk 00:19:33]} {[%emt 00:01:28]} 17. a4
{[%clk 00:52:28]} {[%emt 00:02:11]} Qb7 {[%clk 00:16:01]} {[%emt 00:03:37]} 18.
Rhb1 {[%clk 00:50:01]} {[%emt 00:02:28]} Nxd5 {[%clk 00:14:23]} {[%emt
00:01:48]} 19. Kg1 {[%clk 00:49:36]} {[%emt 00:00:29]} Nf6 {[%clk 00:13:09]}
{[%emt 00:01:19]} 20. Nc3 {[%clk 00:47:34]} {[%emt 00:02:05]} Qd7 {[%clk
00:11:43]} {[%emt 00:01:33]} 21. Qb7 {[%clk 00:45:37]} {[%emt 00:02:01]} Qh3
{[%clk 00:10:43]} {[%emt 00:01:05]} 22. Qg2 {[%clk 00:43:57]} {[%emt 00:01:45]}
Qh5 {[%clk 00:10:43]} {[%emt 00:00:04]} 23. a5 {[%clk 00:43:27]} {[%emt
00:00:36]} Nc4 {[%clk 00:10:38]} {[%emt 00:00:10]} 24. Rb5 {[%clk 00:42:42]}
{[%emt 00:00:48]} Qg4 {[%clk 00:09:52]} {[%emt 00:00:51]} 25. Be1 {[%clk
00:40:45]} {[%emt 00:02:03]} e5 {[%clk 00:09:05]} {[%emt 00:00:52]} 26. Nc6
{[%clk 00:39:37]} {[%emt 00:01:13]} e4 {[%clk 00:08:45]} {[%emt 00:00:25]} 27.
a6 {[%clk 00:38:38]} {[%emt 00:01:04]} Nd7 {[%clk 00:08:21]} {[%emt 00:00:30]}
28. a7 {[%clk 00:37:31]} {[%emt 00:01:12]} Nde5 {[%clk 00:07:36]} {[%emt
00:00:50]} 29. Qxe4 {[%clk 00:32:47]} {[%emt 00:04:49]} Qxe4 {[%clk 00:07:05]}
{[%emt 00:00:36]} 30. Nxe4 {[%clk 00:32:40]} {[%emt 00:00:11]} Nxc6 {[%clk
00:06:30]} {[%emt 00:00:41]} 31. Rc1 {[%clk 00:32:39]} {[%emt 00:00:07]} Nxa7
{[%clk 00:06:24]} {[%emt 00:00:11]} 32. Rb7 {[%clk 00:32:18]} {[%emt 00:00:26]}
d5 {[%clk 00:06:15]} {[%emt 00:00:14]} 33. Nc3 {[%clk 00:31:17]} {[%emt
00:01:06]} Ne5 {[%clk 00:05:43]} {[%emt 00:00:38]} 34. Nxd5 {[%clk 00:31:12]}
{[%emt 00:00:10]} Nd3 {[%clk 00:05:18]} {[%emt 00:00:29]} 35. Rd1 {[%clk
00:30:36]} {[%emt 00:00:41]} Nxe1 {[%clk 00:05:18]} {[%emt 00:00:02]} 36. Rxe1
{[%clk 00:30:30]} {[%emt 00:00:11]} Nc6 {[%clk 00:05:18]} 37. Rc1 {[%clk
00:30:20]} {[%emt 00:00:14]} Ra1 {[%clk 00:05:15]} {[%emt 00:00:08]} 38. Rxa1
{[%clk 00:29:55]} {[%emt 00:00:31]} Bxa1 {[%clk 00:05:15]} {[%emt 00:00:03]} 39.
Rb6 {[%clk 00:29:33]} {[%emt 00:00:26]} Nd8 {[%clk 00:05:06]} {[%emt 00:00:14]}
40. Rb8 {[%clk 00:29:29]} {[%emt 00:00:07]} Ne6 {[%clk 00:05:05]} {[%emt
00:00:08]} 41. Rb1 {[%clk 00:29:14]} {[%emt 00:00:20]} Be5 {[%clk 00:04:59]}
{[%emt 00:00:11]} 42. Rd1 {[%clk 00:28:54]} {[%emt 00:00:25]} Rd8 {[%clk
00:04:55]} {[%emt 00:00:09]} 43. Kg2 {[%clk 00:28:43]} {[%emt 00:00:14]} Kg7
{[%clk 00:04:55]} {[%emt 00:00:06]} 44. f4 {[%clk 00:28:35]} {[%emt 00:00:13]}
Nc7 {[%clk 00:04:32]} {[%emt 00:00:28]} 45. e4 {[%clk 00:27:30]} {[%emt
00:01:11]} Nxd5 {[%clk 00:04:32]} {[%emt 00:00:03]} 46. exd5 {[%clk 00:27:29]}
{[%emt 00:00:06]} Bd6 {[%clk 00:04:32]} {[%emt 00:00:04]} 47. Kf3 {[%clk
00:27:29]} Kf6 {[%clk 00:04:32]} {[%emt 00:00:04]} 48. h3 {[%clk 00:27:16]}
{[%emt 00:00:18]} Rb8 {[%clk 00:04:32]} {[%emt 00:00:04]} 49. Rc1 {[%clk
00:27:01]} {[%emt 00:00:19]} Rb3+ {[%clk 00:04:32]} {[%emt 00:00:03]} 50. Kg4
{[%clk 00:26:48]} {[%emt 00:00:16]} h5+ {[%clk 00:04:26]} {[%emt 00:00:13]} 51.
Kh4 {[%clk 00:26:42]} {[%emt 00:00:10]} Be7 {[%emt 00:01:09]} 52. Rc7 {[%clk
00:26:22]} Re3 {[%clk 00:03:29]} {[%emt 00:00:22]} 53. g4 {[%clk 00:26:18]}
{[%emt 00:00:08]} Kg7+ {[%clk 00:03:29]} {[%emt 00:00:02]} 54. g5 {[%clk
00:26:07]} {[%emt 00:00:16]} Bb4 {[%clk 00:03:29]} {[%emt 00:00:02]} 55. Rc1
{[%clk 00:25:07]} {[%emt 00:01:04]} Be1+ {[%clk 00:03:29]} {[%emt 00:00:02]} 56.
Rxe1 {[%clk 00:25:07]} Rxe1 {[%clk 00:03:29]} {[%emt 00:00:05]} 57. f5 {[%clk
00:25:07]} {[%emt 00:00:05]} gxf5 {[%clk 00:03:28]} {[%emt 00:00:06]} 58. g6
{[%clk 00:25:07]} {[%emt 00:00:02]} Kxg6 {[%clk 00:03:26]} {[%emt 00:00:06]} 59.
d6 {[%clk 00:25:07]} {[%emt 00:00:02]} Rd1 {[%clk 00:03:26]} {[%emt 00:00:04]}
60. d7 {[%clk 00:25:07]} {[%emt 00:00:04]} Rxd7 {[%clk 00:03:26]} 0-1